| 000 | 00629nam a2200217Ia 4500 | ||
|---|---|---|---|
| 003 | GCL | ||
| 008 | 140319s9999 xx 000 0 ara d | ||
| 040 |
_aGCL / _cGCL |
||
| 082 | 0 | 4 |
_aد _b050 |
| 100 | 1 | _aاحمد عبدالعزيز | |
| 245 | 1 | 0 |
_aمرض القلق ( عالم المعرفة 124 ) / _cاحمد عبدالعزيز |
| 700 | 1 | _aعزت شعلان | |
| 700 | 1 | _aشيهان، دافيد | |
| 300 | _a251 ص | ||
| 490 |
_aعالم المعرفة _v0 |
||
| 650 | 0 | 4 | _aالخوف |
| 650 | 0 | 4 | _aالقلق |
| 650 | 0 | 4 | _aالقلق (علم نفس) |
| 650 | 0 | 4 | _aالتفريغ الانفعالى |
| 942 |
_2ddc _cBK |
||
| 999 |
_c50255 _d50255 |
||